Geometry : ancient and modern
Αποθηκεύτηκε σε:
| Κύριος συγγραφέας: | |
|---|---|
| Μορφή: | Βιβλίο |
| Γλώσσα: | English |
| Δημοσίευση: |
Oxford ; New York :
Oxford University Press,
2001
|
| Θέματα: | |
| Ετικέτες: |
Προσθήκη ετικέτας
Δεν υπάρχουν, Καταχωρήστε ετικέτα πρώτοι!
|
MARC
| LEADER | 00000nam a2200000 i 4500 | ||
|---|---|---|---|
| 001 | 1/52435 | ||
| 008 | 070824s2001 eng d | ||
| 020 | |a 0-19-850758-5 | ||
| 035 | |l 10090003 | ||
| 040 | |a GR-MY-UA |b gre |e aacr | ||
| 041 | 0 | |a eng | |
| 082 | 0 | |a 516 |2 (22) | |
| 100 | 1 | |a Silvester, John R. | |
| 245 | 1 | 0 | |a Geometry : |b ancient and modern / |c J.R. Silvester |
| 260 | |a Oxford ; New York : |b Oxford University Press, |c 2001 | ||
| 300 | |a xiii, 313 σ.; |b εικ.; |c 23 εκ. | ||
| 504 | |a Περιλαμβάνει βιβλιογραφικές παραπομπές (σ.[301]-302) και ευρετήριο. | ||
| 650 | 0 | 0 | |a Geometry. |
| 852 | |a INST |b SAMOS |e 20070824 |h 516 SIL |p 005300025518 |q 005300025518 |t BK |y 0 | ||
| 901 | |a BIBL3-2007-2 | ||
| 909 | |a Σ |b 137126 | ||
| 922 | |a 3ΕΛΗ |b 200707 |c ΕΠΕΑΕΚ2/ΤΜΗΜΑ ΜΑΘΗΜΑΤΙΚΩΝ |d ΠΑΠΑΣΩΤΗΡΙΟΥ | ||
| 970 | |a ΣΙΤΖΙΜΗ |b ΓΙΑΣΕΜΗ |z 2007/08/24 | ||